000 00368cam a2200145ua 4500
041 _aeng
_h
082 _a297
_bCAN/IS
100 _aCantwell smith, Wilfred .
245 _aIslam in modern History /
_cWilfred Cantwell smith.
_hTextual Documents
260 _a :
_bUniversity press ,
_c1963.
300 _a317 ; .
504 _a
942 _cBK
999 _c1729
_d1729